| 000 | 00502nam a22001817a 4500 | ||
|---|---|---|---|
| 003 | OSt | ||
| 005 | 20180507080702.0 | ||
| 008 | 180309b xxu||||| |||| 00| 0 spa d | ||
| 020 | _a8425909260 | ||
| 040 | _cPJ | ||
| 100 |
_9450 _aThiebaut, Carlos |
||
| 245 |
_aLos lĂmites de la comunidad / _cCarlosThiebaut. |
||
| 260 |
_aMadrid : _bCentros de Estudios Constitucionales, _c1992. |
||
| 300 |
_a222 p. _c22 cm. |
||
| 490 |
_aEl Derecho y la Justicia _v31 |
||
| 650 | 0 |
_9247 _aSOCIOLOGIA |
|
| 942 |
_2udc _cLIB |
||
| 999 |
_c385 _d385 |
||